Quarry development (Record no. 117564)
[ view plain ]
| 000 -LEADER | |
|---|---|
| fixed length control field | 00957cam a2200217 4500 |
| 001 - CONTROL NUMBER | |
| control field | WB4024-02 |
| 008 - FIXED-LENGTH DATA ELEMENTS--GENERAL INFORMATION | |
| fixed length control field | 040622n2004 000 0 eng u |
| 035 ## - SYSTEM CONTROL NUMBER | |
| System control number | (Sirsi) u126547 |
| 245 ## - TITLE STATEMENT | |
| Title | Quarry development |
| 260 ## - PUBLICATION, DISTRIBUTION, ETC. | |
| Date of publication, distribution, etc. | 2004 |
| 490 ## - SERIES STATEMENT | |
| Series statement | RICS News Service |
| Volume/sequential designation | 21 June 2004 (1) |
| 520 ## - SUMMARY, ETC. | |
| Summary, etc. | Guidance "Good practice for stakeholder engagement in the aggregates sector" has been been published by the Environment Council. It will help industry managers engage the interest and involvement of different interest groups in quarry developments. http://www.rics.org/ricscms/bin/show?class=News&te mplate=/includes/print/shownewsprint.html&id=9282. For further information go to http:///www.the-environment-council.org.uk/aggrega tes. |
| 590 ## - LOCAL NOTE (RLIN) | |
| Local note | WB |
| 590 ## - LOCAL NOTE (RLIN) | |
| Local note | WB |
| 650 ## - SUBJECT ADDED ENTRY--TOPICAL TERM | |
| Topical term or geographic name entry element | AGGREGATES INDUSTRY |
| 650 ## - SUBJECT ADDED ENTRY--TOPICAL TERM | |
| Topical term or geographic name entry element | GOOD PRACTICE GUIDE |
| 650 ## - SUBJECT ADDED ENTRY--TOPICAL TERM | |
| Topical term or geographic name entry element | ENVIRONMENT COUNCIL |
| 650 ## - SUBJECT ADDED ENTRY--TOPICAL TERM | |
| Topical term or geographic name entry element | QUARRIES |
| 690 ## - LOCAL SUBJECT ADDED ENTRY--TOPICAL TERM (OCLC, RLIN) | |
| Topical term or geographic name as entry element | BUILDING AND CONSTRUCTION |
| 942 ## - ADDED ENTRY ELEMENTS (KOHA) | |
| Suppress in OPAC | 0 |
| Withdrawn status | Lost status | Source of classification or shelving scheme | Damaged status | Not for loan | Home library | Current library | Shelving location | Date acquired | Total Checkouts | Full call number | Barcode | Date last seen | Copy number | Price effective from | Koha item type |
|---|---|---|---|---|---|---|---|---|---|---|---|---|---|---|---|
| Dewey Decimal Classification | London | London | News article | 23/06/2004 | WB4024-02 | 126547-1001 | 06/08/2019 | 1 | 06/08/2019 | News article |